Imperfect (Record no. 349871)

MARC details
000 -LEADER
fixed length control field 00439nam a2200169Ia 4500
008 - FIXED-LENGTH DATA ELEMENTS--GENERAL INFORMATION
fixed length control field 230718s9999 xx 000 0 und d
020 ## - INTERNATIONAL STANDARD BOOK NUMBER
International Standard Book Number 9789353026141
041 ## - LANGUAGE CODE
Language code of text/sound track or separate title eng
082 ## - DEWEY DECIMAL CLASSIFICATION NUMBER
Classification number 306.483
Item number MAN
100 ## - MAIN ENTRY--PERSONAL NAME
Personal name Manjrekar S.
9 (RLIN) 201631
245 ## - TITLE STATEMENT
Title Imperfect
260 ## - PUBLICATION, DISTRIBUTION, ETC. (IMPRINT)
Date of publication, distribution, etc. 2017
Name of publisher, distributor, etc. Harper Sport
300 ## - PHYSICAL DESCRIPTION
Extent 219
365 ## - TRADE PRICE
Currency code Rs.
Price amount 499.00
700 ## - ADDED ENTRY--PERSONAL NAME
Personal name Manjrekar S.
9 (RLIN) 201631
906 ## - LOCAL DATA ELEMENT F, LDF (RLIN)
d O:0648709-Aug-2019B:536001-Aug-2019
c GENRL
b 124.75
Holdings
Withdrawn status Lost status Source of classification or shelving scheme Damaged status Not for loan Home library Current library Date acquired Vendor Budget Code Cost, normal purchase price Bill number Total Checkouts Full call number Barcode Date last seen Date last checked out Discount Cost, replacement price Bill Date Koha item type Original Barcode
    Dewey Decimal Classification     Cummins College of Engineering for Women Pune Cummins College of Engineering for Women Pune 09/08/2019 Technical Book Services GENRL 374.25 5360 2 306.483 CCEP-BK-61078 02/01/2024 25/09/2023 124.75 499.00 01/08/2019 Books 061078